000 00350 a2200169 4500
001 190190
020 _a85-16-00
040 _cMagnum
100 _aQuintana, Mário
240 1 0 _aNariz de vidro
_lpor
245 1 0 _aNariz de vidro
300 _a76
362 0 _a1984
440 1 _aModerna
697 _aLITERATURA INFANTO-JUVENIL
942 _cBK
999 _c190190
_d190190